| 000 | 00000nam##2200000za#4500 |
| 001 | 9.638059 |
| 003 | CaOODSP |
| 005 | 20210624221512 |
| 007 | cr ||||||||||| |
| 008 | 150407|2007||||xxc|||||o f|0| 0 fre|d |
| 040 | |aCaOODSP|bfre |
| 043 | |an-cn--- |
| 086 | 1 |aCi64-1/2007F-PDF |
| 110 | 1 |aCanada. |bCitoyenneté et immigration Canada. |
| 245 | 10|aRésultats sur le marché du travail des professionnels immigrants : |h[ressource électronique]|bcomparaison du Canada et de l'Australie : rapport final / |cLesleyanne Hawthorne. |
| 250 | |aRévision finale - november 2006 |
| 260 | |aOttawa - Ontario : |bCitoyenneté et Immigration Canada |c[2007]. |
| 300 | |a153p.|bfigures, tableaux |
| 500 | |a«Ce rapport a été financé en partenariat avec Citoyenneté et Immigration Canada, Ressources humaines et Développement social, et Statistique Canada.»--Sommaire (publié séparément, décembre 2006). |
| 590 | |a10-09-Supp|b2010-11-02 |
| 691 | 07|aImmigrant|2gcpds |
| 720 | 1 |aHawthorne, Lesleyanne |
| 775 | 08|tLabour market outcomes for migrant professionals : |w(CaOODSP)9.693862 |
| 856 | 40|ahttp://publications.gc.ca|qPDF|s643 Ko|uhttps://publications.gc.ca/collections/collection_2010/cic/Ci64-1-2007-fra.pdf |